Statistics for Buick Cars by Picture

Click here to take the quiz!

General Stats

  • This quiz has been taken 85 times
  • The average score is 5 of 6

Answer Stats

Answer% Correct
Enclave
84%
Encore
84%
Regal
80%
LaCrosse
78%
Cascada
76%
Envision
76%

Score Distribution

Percentile by Number Answered

Percent of People with Each Score

Your Score History

You have not taken this quiz